| 000 | 00520nam a2200181Ia 4500 | ||
|---|---|---|---|
| 001 | 15986 | ||
| 005 | 20260306170236.0 | ||
| 008 | 260306t2018||||xx |||||||||||||| ||und|| | ||
| 041 | _aESP | ||
| 082 |
_a346.52 _bC24 |
||
| 100 |
_aCampos Bermúdez, José Antonio _eAUT |
||
| 245 | 0 | _aLa responsabilidad civil de bancos en compras financiadas en planos de inmuebles y en operaciones por internet | |
| 260 | _c2018 | ||
| 300 |
_a383 páginas : _c25 cm. |
||
| 650 | _aGEN | ||
| 654 | _aCDE | ||
| 942 |
_cLIB _dJUS _fJUS _2ddc _n |
||
| 999 |
_c15986 _d15986 |
||